The TRUE true arena (name the kirby bosses) - Statistics

General Stats
  • This quiz has been taken 377 times
    322 since last reset
  • The average score is 58 of 142
Answer Stats
Game World/Subgame Boss % Correct
Kirby Dreamland Green Greens Whispy Woods
95%
Kirby Dreamland Mt. Dedede King Dedede
90%
Kirby Dreamland Bubbly Clouds Kracko
90%
Kirby Dreamland Castle Lololo Lololo
86%
Kirby Dreamland Castle Lololo Lalala
83%
Kirby Adventure Orange Ocean Meta Knight
83%
Kirby Super Star Milky Way Wishes Marx
77%
Kirby Dreamland 2 Dark Castle Dark Matter
74%
Kirby Super Star Ultra Meta Knightmare Ultra Galacta Knight
72%
Kirby Dreamland 3 Hyper Zone Zero
72%
Kirby Super Star Dyna Blade Dyna Blade
70%
Kirby Return To Dreamland Another Dimension Magolor
70%
Kirby & the Amazing Mirror Radish Ruins Dark Meta Knight
66%
Kirby Super Star Ultra The True Arena Marx Soul
65%
Kirby Super Star Ultra Revenge of the King Masked Dedede
65%
Kirby Canvas Curse The World of Drawcia Drawcia
63%
Kirby Triple Deluxe Eternal Dreamland Sectonia
63%
Kirby Planet Robobot Overload Ocean Susie
63%
Kirby Return To Dreamland Dangerous Dinner Landia
62%
Kirby 64 Dark Star Zero Two
61%
Kirby Adventure Fountain of Dreams Nightmare
60%
Kirby Star Allies Starlight Heroes Void Termina
60%
Kirby Return To Dreamland Another Dimension EX Magolor Soul
59%
Kirby Triple Deluxe Fine Fields Flowery Woods
57%
Kirby Return To Dreamland Another Dimension Lor
57%
Kirby Planet Robobot Mind in the Program Star Dream
57%
Kirby & the Amazing Mirror Dimension Mirror Dark Mind
55%
Kirby Return To Dreamland Dangerous Dinner EX Landia EX
55%
Kirby Return To Dreamland Another Dimension EX Magolor EX
55%
Kirby Star Allies The Ultimate Choice Morpho Knight
55%
Kirby Star Allies Jambastion Flamberge
54%
Kirby Return To Dreamland Raisin Ruins Mr. Dooter
54%
Kirby Return To Dreamland Cookie Country EX Whispy Woods EX
54%
Kirby's Epic Yarn Dream Land Yin-Yarn
53%
Kirby Squeak Squad Gamble Galaxy Dark Nebula
52%
Kirby Squeak Squad Ice Island Daroach
52%
Kirby Return To Dreamland Nutty Noon Grand Doomer
52%
Kirby Dreamland Float Islands Kabula
52%
Kirby Return To Dreamland Onion Ocean Fatty Puffer
51%
Kirby Star Allies Jambastion Francisca
50%
Kirby Dreamland 2 Cloudy Park Kracko Jr.
50%
Kirby Star Allies Starlight Heroes Lord Hyness
50%
Kirby Return To Dreamland Another Dimension EX Lor EX
50%
Kirby Star Allies Jambastion Zan Partizanne
50%
Kirby Super Star Milky Way Wishes Galactic NOVA
49%
Kirby Super Star Revenge of Meta Knight Heavy Lobster
49%
Kirby Canvas Curse The World of Drawcia Drawcia Soul
48%
Kirby Return To Dreamland Nutty Noon EX Grand Doomer EX
48%
Kirby Star Allies The Ultimate Choice Void Soul
48%
Kirby Planet Robobot Gigabyte Grounds Mecha Knight
47%
Kirby Planet Robobot Access Ark Mecha Knight+
47%
Kirby Return To Dreamland Raisin Ruins EX Mr. Dooter EX
47%
Kirby Planet Robobot Patched Plains Clanky Woods
46%
Kirby Return To Dreamland Onion Ocean EX Fatty Puffer EX
45%
Kirby Planet Robobot Access Ark President Haltmann
45%
Kirby Super Star Great Cave Offensive Wham Bam Rock
45%
Kirby Super Star Great Cave Offensive Fatty Whale
43%
Kirby Return To Dreamland White Wafers Goriath
43%
Kirby Triple Deluxe Endless Explosions Pyribbit
43%
Kirby Super Star Ultra Helper to Hero Wham Bam Jewel
43%
Kirby Dreamland 2 Iceberg Ice Dragon
42%
Kirby Triple Deluxe Lollipop Land Paintra
42%
Kirby Super Star Great Cave Offensive Computer Virus
41%
Kirby Return To Dreamland White Wafers EX Goriath EX
41%
Kirby Return To Dreamland Egg Engines Metal General
41%
Kirby 64 Ripple Star Miracle Matter
41%
Kirby Planet Robobot Overload Ocean 2.0 Susie 2.0
41%
Kirby Dreamland 3 Sand Canyon Con
39%
Kirby Triple Deluxe Fine Fields DX Flowery Woods DX
39%
Kirby & the Amazing Mirror Candy Constellation Master Hand
39%
Kirby Return To Dreamland Egg Engines EX Metal General EX
39%
Kirby Dreamland 3 Sand Canyon Pon
39%
Kirby Squeak Squad Gamble Galaxy Dark Daroach
38%
Kirby Triple Deluxe Eternal Dreamland DX Soul of Sectonia
38%
Kirby Star Allies Starlight Heroes Yggy Woods
37%
Kirby Mass Attack Necro Nebula Necrodeus
36%
Kirby Adventure Ice Cream Island Paint Roller
36%
Kirby Dreamland 3 Cloudy Park Ado
35%
Kirby Planet Robobot Patched Plains 2.0 Clanky Woods 2.0
35%
Kirby Return To Dreamland Egg Engines EX HR-D3
35%
Kirby Dreamland 2 Red Canyon Mr. Bright
35%
Kirby Dreamland 2 Red Canyon Mr. Shine
35%
Kirby Triple Deluxe Royal Road DX Sectonia DX
35%
Kirby Planet Robobot The True Arena Star Dream Soul OS
35%
Kirby Triple Deluxe Wild World Coily Rattler
34%
Kirby & the Amazing Mirror Candy Constellation Crazy Hand
34%
Kirby Triple Deluxe Lollipop Land DX Paintra DX
34%
Kirby Triple Deluxe Endless Explosions Pyribbit DX
34%
Kirby Dreamland 3 Ripple Field Acro
33%
Kirby Super Star Revenge of Meta Knight Twin Woods
33%
Kirby Rainbow Curse The Cosmos Dark Crafter
32%
Kirby Planet Robobot Access Ark 2.0 President Haltmann 2.0
32%
Kirby Triple Deluxe Kirby Fighters Shadow Kirby
32%
Kirby Rainbow Curse Purple Fortress Claycia
31%
Kirby Planet Robobot Meta Knightmare Returns Dark Matter Clone
31%
Kirby Star Allies Starlight Heroes Twin Kracko
31%
Kirby Planet Robobot Rhythm Route D3
30%
Kirby & the Amazing Mirror Moonlight Mansion King Golem
30%
Kirby Squeak Squad Cushy Cloud Mecha Kracko
30%
Kirby Planet Robobot Meta Knightmare Returns Sectonia Clone
30%
Kirby Triple Deluxe Royal Road DX Shadow Dedede
30%
Kirby Triple Deluxe Wild World DX Coily Rattler DX
29%
Kirby Super Star Great Cave Offensive Chameleo Arm
28%
Kirby Super Star Ultra Revenge of the King Kracko's Revenge
28%
Kirby & the Amazing Mirror Cabbage Cavern Moley
27%
Kirby Adventure Yogurt Yard Heavy Mole
26%
Kirby Triple Deluxe Old Odyssey DX Kracko DX
26%
Kirby 64 Rock Star Pix
26%
Kirby's Epic Yarn Treat Land Squashini
26%
Kirby Super Star Ultra Revenge of the King Whispy Woods' Revenge
26%
Kirby Planet Robobot Rhythm Route 2.0 D3 2.0
25%
Kirby Triple Deluxe Royal Road DX Dark Meta Knight's Revenge
25%
Kirby Super Star Ultra Revenge of the King Lololo & Lalala's Revenge
25%
Kirby Triple Deluxe Royal Road Masked Dedede's Revenge
25%
Kirby Star Allies Starlight Heroes Silvox
25%
Kirby Squeak Squad Nature Notch Mrs. Moley
24%
Kirby Super Star Revenge of Meta Knight Reactor
24%
Kirby Star Allies Starlight Heroes Goldon
23%
Kirby Planet Robobot Resolution Road Holo Defense API
23%
Kirby 64 Shiver Star HR-H
23%
Kirby 64 Neo Star Mag-Man
23%
Kirby Planet Robobot Meta Knightmare Returns Stock Mecha Knight
23%
Kirby Star Allies Starlight Heroes Grand Mam
22%
Kirby's Epic Yarn Grass Land Fangora
21%
Kirby's Epic Yarn Hot Land Hot Wings
21%
Kirby & the Amazing Mirror Peppermint Palace Wiz
21%
Kirby Planet Robobot Resolution Road 2.0 Holo Defense API 2.0
20%
Kirby Super Star Revenge of Meta Knight Main Cannon No. 2
20%
Kirby Super Star Ultra Revenge of the King Kracko Jr.'s Revenge
18%
Kirby Dreamland 2 Ripple Field Sweet Stuff
18%
Kirby & the Amazing Mirror Carrot Castle Mega Titan
17%
Kirby's Epic Yarn Water Land Capamari
15%
Kirby & the Amazing Mirror Olive Ocean Gobbler
15%
Kirby Dreamland 2 Big Forest Nruff
15%
Kirby Dreamland 3 Iceberg Dark Dedede
14%
Kirby Mass Attack Volcano Valley Skullord
11%
Kirby Squeak Squad Vocal Volcano BohBoh
10%
Kirby Rainbow Curse Orange Woodland Hooplagoon
9%
Kirby Rainbow Curse Indigo Ocean Claykken
8%
Kirby Mass Attack Sandy Canyon Lady Ivy
8%
Kirby Triple Deluxe Kirby Fighters Deluxe Team DDD
7%
Kirby Squeak Squad Jam Jungle Yadogaine
6%
No matching quizzes found
Score Distribution
Percent of People with Each Score
Percentile by Number Answered
Your Score History
You have not taken this quiz since the last reset